Advanced financial accounting simplified : (Record no. 634)
[ view plain ]
| 000 -LEADER | |
|---|---|
| fixed length control field | 00829cam a22002532 4500 |
| 001 - CONTROL NUMBER | |
| control field | 0000006192 |
| 005 - DATE AND TIME OF LATEST TRANSACTION | |
| control field | 20151021151109.0 |
| 008 - FIXED-LENGTH DATA ELEMENTS--GENERAL INFORMATION | |
| fixed length control field | 070924s xx 000 0 eng d |
| 020 ## - INTERNATIONAL STANDARD BOOK NUMBER | |
| Terms of availability | KES 750 |
| 020 ## - INTERNATIONAL STANDARD BOOK NUMBER | |
| International Standard Book Number | 9966286705 |
| 040 ## - CATALOGING SOURCE | |
| Original cataloging agency | KABU |
| Transcribing agency | KABU |
| 100 1# - MAIN ENTRY--PERSONAL NAME | |
| Personal name | Saleemi, Nisar Ahmad. |
| -- | 0000151299 |
| 245 10 - TITLE STATEMENT | |
| Title | Advanced financial accounting simplified : |
| Remainder of title | volume II. |
| 250 ## - EDITION STATEMENT | |
| Edition statement | 2nd ed. |
| 260 ## - PUBLICATION, DISTRIBUTION, ETC. (IMPRINT) | |
| Place of publication, distribution, etc. | Nairobi : |
| Name of publisher, distributor, etc. | N. A. Saleemi, |
| Date of publication, distribution, etc. | 1998. |
| 300 ## - PHYSICAL DESCRIPTION | |
| Extent | 503 p. |
| 362 0# - DATES OF PUBLICATION AND/OR SEQUENTIAL DESIGNATION | |
| Dates of publication and/or sequential designation | vol. II. |
| 650 #0 - SUBJECT ADDED ENTRY--TOPICAL TERM | |
| Topical term or geographic name as entry element | Accounting. |
| -- | 0000148321 |
| 852 1# - LOCATION | |
| -- | p780 KES |
| 852 1# - LOCATION | |
| -- | p780 KES |
| 908 ## - PUT COMMAND PARAMETER (RLIN) | |
| Put command parameter | 070924 |
| 950 ## - LOCAL HOLDINGS (RLIN) | |
| -- | 1 |
| Withdrawn status | Lost status | Source of classification or shelving scheme | Not for loan | Home library | Current library | Date acquired | Total Checkouts | Full call number | Barcode | Date last seen | Price effective from | Koha item type | Damaged status | Date last checked out | Total Renewals |
|---|---|---|---|---|---|---|---|---|---|---|---|---|---|---|---|
| Library of Congress Classification | Kabarak, Main Campus | Kabarak, Main Campus | 17/12/2015 | 18 | HF5635 .S251 1998 | 009887 | 02/04/2025 | 17/12/2015 | General Collection | 13/02/2025 | 3 | ||||
| Library of Congress Classification | Kabarak, Nakuru City Campus | Kabarak, Nakuru City Campus | 21/10/2015 | HF5635 .S251 1998 | 010169 | 21/10/2015 | 21/10/2015 | General Collection | |||||||
| Lost | Library of Congress Classification | Kabarak, Nakuru City Campus | Kabarak, Nakuru City Campus | 21/10/2015 | 1 | HF5635 .S251 1998 | 014089 | 26/01/2016 | 21/10/2015 | General Collection | 26/01/2016 | ||||
| Library of Congress Classification | Kabarak, Nakuru City Campus | Kabarak, Nakuru City Campus | 21/10/2015 | 11 | HF5635 .S251 1998 | 014091 | 14/11/2019 | 21/10/2015 | General Collection | 19/03/2019 | 2 |